000 00486nmm a2200169Ia 4500
008 251105s9999||||xx |||||||||||||||||und||
020 _a9788468767437
041 _aspa
100 _aGraham, Lynne
245 0 _aExtraños ante el altar
264 _a[Madrid, España] :
_bHarlequin,
_c[Fecha de publicación no identificada]
300 _a0 páginas
490 _a'Amores en Grecia'
650 _aRomance
856 _uhttps://public.digitaliapublishing.com/a/94343
942 _cCF
999 _c84360
_d84360